000 00914nam a22002897a 4500
003 CHAP
005 20220329135840.0
008 971013s1975 r 00010 d
010 _a43255
011 _a44227
035 _a48365
040 _cCHAP
082 _a333.0972
_bM40 1975
110 _aMéxico. Secretaría de la Reforma Agraria
_977197
245 _aley federal de reforma agraria
260 _aMéxico, D.F. :
_bLa Secretaría,
_c1975
300 _a312 p
590 _aBATCH-UPD
_b10
_c20130110
_lUCH01
_h0952
590 _aBATCH-UPD
_b10
_c20130410
_lUCH01
_h0605
590 _aBATCH-UPD
_b10
_c20130914
_lUCH01
_h1958
590 _aCONVERSION
_b10
_c20130109
_lUCH01
_h1324
650 1 4 _aReforma agraria
_xLeyes
_xMéxico.
_995562
650 1 4 _aTierras
_xTenencia
_xLeyes.
_9113179
901 _aBK
942 _cLIBRO
949 _a333.0972 M40 1975
_bBC
_cLIBRO
_d33724000324109
_eLIBRO
_h56899
_i48365
_mD
_si
999 _c43255
_d43255